| 000 | 00773nam a2200193Ia 4500 | ||
|---|---|---|---|
| 008 | 151121s9999||||xx |||||||||||||| ||und|| | ||
| 082 | _a294।5/कुलक | ||
| 082 | _bHNW-115867 | ||
| 100 | _aकुलकर्णी बंडोपंत | ||
| 245 | _a"ज्ञाना तु का एक,चोख व मुक्त" | ||
| 260 | _bसंगीता बंडोपंत कुलकर्णी | ||
| 260 | _c2014 | ||
| 300 | _a180 | ||
| 600 | _aकुलकर्णी बंडोपंत | ||
| 630 | _a"ज्ञाना तु का एक,चोख व मुक्त" | ||
| 700 | _aकुलकर्णी बंडोपंत | ||
| 730 | _a"ज्ञाना तु का एक,चोख व मुक्त" | ||
| 942 | _cBOOK | ||
| 999 |
_c1264563 _d1264560 |
||